Dohody o prácach vykonávaných mimo pracovného pomeru bakalárska práca

Gespeichert in:
Bibliographische Detailangaben
1. Verfasser: Kuľha, Jakub
Körperschaft: Fakulta hospodárskej informatiky EU. Katedra účtovníctva a audítorstva
Weitere Verfasser: Katríková, Daniela
Format: Buch
Sprache:Slowakisch
Veröffentlicht: Bratislava 2017
Tags: Tag hinzufügen
Keine Tags, Fügen Sie das erste Tag hinzu!

MARC

LEADER 00000nbm a2200000 4500
001 0233067
005 20180412141418.9
041 0 |a slo 
044 |a SK 
245 1 0 |a Dohody o prácach vykonávaných mimo pracovného pomeru  |b bakalárska práca  |c Jakub Kuľha ; školiteľ: Daniela Katríková 
264 1 |a Bratislava  |c 2017 
300 |a 44 s. 
100 1 |a Kuľha, Jakub 
700 1 |a Katríková, Daniela 
710 2 |a Fakulta hospodárskej informatiky EU. Katedra účtovníctva a audítorstva